| 000 | 01034nam a2200217Ii 4500 | ||
|---|---|---|---|
| 003 | JO-AjNU | ||
| 008 | 230605s9999||||xx |||||||||||||| ||und|| | ||
| 017 | _a1996/10/2311 | ||
| 040 |
_aJO-AjNU _bara _erda _cJO-AjNU |
||
| 041 | _aara | ||
| 050 | 1 | 4 | _a DS247.Y48.I79 1996 |
| 100 | 3 |
_aتأليف الارياني،علي بن عبدالله 1323هجري - 1905 ميلادي ؛ دراية وتحقيق محمد عيسى صالحية , _eauthor _958343 |
|
| 245 | 0 | 0 | _aسيرة الامام محمد بن يحيى حميد الدين المسماة بالدرر المنثور في سيرة الامام المنصور،ج2 |
| 250 | _aط1 | ||
| 264 | 3 | 1 | _aعمان: دار البشير، 1996 |
| 300 |
_a446ص، ج2 _bيحتوي على صور الوثائق اليمنية من ص 367-393ص،يحتوي على فهارس عامة من ص395ص-446ص |
||
| 336 |
_atext _btxt _2rdacontent |
||
| 337 |
_aunmediated _bn _2rdamedia |
||
| 338 |
_avolume _bnc _2rdacarrier |
||
| 650 | 4 |
_aاليمن - تاريخ - عصر الائمة _958344 |
|
| 999 |
_aA26195 _c29763 _d29763 |
||